Estética operatoria en sus tres direcciones
Gespeichert in:
| 1. Verfasser: | |
|---|---|
| Format: | Buch |
| Sprache: | Spanisch |
| Veröffentlicht: |
Buenos Aires
Losada
1956
|
| Schlagworte: | |
| Tags: |
Tag hinzufügen
Keine Tags, Fügen Sie den ersten Tag hinzu!
|
MARC
| LEADER | 00000nam a2200000 a 4500 | ||
|---|---|---|---|
| 001 | UCW9504 | ||
| 003 | CL-VaPUC | ||
| 008 | 890503e19560000AG |||||||||||||||||spa|d | ||
| 082 | 0 | 4 | |a 801.93 |b GUE |2 21 |
| 100 | |a Guerrero, Luis Juan |e author |9 568690 | ||
| 245 | 1 | 0 | |a Estética operatoria en sus tres direcciones |
| 300 | |a v | ||
| 942 | |c BK | ||
| 945 | |d 19890503 00:00:00 | ||
| 260 | |a Buenos Aires |b Losada |c 1956 | ||
| 500 | |a v.1 :Revelación y acogimiento de la obra de arte | ||
| 650 | 0 | |a Estética literaria |9 314715 | |
| 583 | |a last modification |c 19890503 00:00:00 |k Rodrigo Vera | ||
| 999 | |c 221455 |d 221453 | ||
| 952 | |0 0 |1 0 |4 0 |6 801_930000000000000_GUE_1956 |7 0 |8 A |9 214794 |a BIBEDU |b BIBEDU |d 2019-11-15 |h v.1 |i 2833611 |o 801.93 GUE 1956 |p 2833611 |r 2019-11-15 |w 2019-11-15 |y BK |k LIT | ||